| 000 | 00697cam a2200229Ia 4500 | ||
|---|---|---|---|
| 001 | 11322587 | ||
| 003 | GBCCL | ||
| 005 | 20241126110410.0 | ||
| 008 | 781014s1961 nbua 000 0 eng d | ||
| 035 | _a(OCoLC)ocn852942768 | ||
| 035 | _a11322587 | ||
| 040 |
_aCSM _beng _cCSM _dMCB _dVFY _dOCLCQ _dOKR _dOCLCQ _dCtY-D |
||
| 050 | 1 | 4 |
_aBV2081 _b.L48 1961 |
| 082 |
_a266 _bLEW |
||
| 100 | 1 |
_aLewis, Norman. _93829 |
|
| 245 | 1 | 0 |
_aTriumphant missionary ministry in the local church / _cby Norman Lewis. |
| 250 | _aRev. and enl. ed. | ||
| 260 |
_aLincoln, Neb. : _bBack to the Bible Broadcast, _cc1961. |
||
| 300 |
_a121 p. : _bill. ; _c17 cm. |
||
| 650 | 0 |
_aMissions _xFinance. _93556 |
|
| 942 |
_2ddc _cBK _01 |
||
| 999 |
_c1830 _d1830 |
||